000
00322 a2200121 4500
000
nam a22 7a 4500
005
20260319102219.0
020
_a
978-1630819064
100
_a
Carlos Dvila
_9
1132505
245
_a
Radar and Ew Modeling in MATLAB and Simulink
260
_b
Artech House on Demand
_c
2023
942
_c
TEXL
999
_c
1715727
_d
1715727